A eficc̀ia do mandado de seguranȧ nos juizados especiais

Bibliographic Details
Main Author: Albuquerque de Lima, Jos ̌Edvaldo
Format: Book
Language:Portuguese
Published: Brasil Editora Mundo Jurd̕ico 2015
Subjects:
Online Access:Acceso restringido

MARC

LEADER 00000nam a22000007a 4500
005 20160223115121.0
007 cr|||| ||u|
008 160223s2015 bl ||||| |||| 00||0 por d
020 |a 978-85-8085-062-8 
035 |a 13053 
040 |a vLex 
090 |c 5889  |d 5889 
100 1 |a Albuquerque de Lima, Jos ̌Edvaldo  
245 1 2 |a A eficc̀ia do mandado de seguranȧ nos juizados especiais  |h [Recurso electrn̤ico] /  |c Jos ̌Edvaldo Albuquerque de Lima  
256 |a Servicio en ln̕ea  
260 |a Brasil  |b Editora Mundo Jurd̕ico  |c 2015 
300 |a 1 recurso electrn̤ico (Primera Edicin̤. 275 Pg̀inas) 
506 1 |a Contenido solo disponible en los productos indicados  |d vLex Global  |d vLex Global (Academic Edition, excluding Law Schools)  |d vLex Global (U.S. Academic Edition, Law Schools)  |d vLex Global (U.S. Academic Edition, excluding Law Schools)  |d vLex Global (Academic Edition, Law Schools) 
650 0 |a Derecho  |z Brasil 
740 0 |a vLex libros (servicio en ln̕ea)  
856 4 0 |u http://vlex.com/source/eficacia-mandado-seguran-a-juizados-especiais-13053  |z Acceso restringido  
942 |c BOOK 
999 0 |a Law